Logoja - Tietokilpailu #5 - Statistics

Yleistilastot
  • Tätä visaa on pelattu 71 kertaa
  • Keskiarvotulos 12 / 16
Vastaustilastot
Kuvavisa Vastaus % Oikein
Nike
98%
Youtube
98%
Fanta
97%
Instagram
97%
Netflix
97%
Yahoo
87%
Opel
86%
Android
76%
Michelin
75%
Alfa Romeo
73%
Reddit
68%
Monopoly
67%
Domino's
65%
Discord
56%
KLM
38%
Old El Paso
32%
Ehtoja vastaavia visoja ei löytynyt
Tulosjakauma
Jokaisen tuloksen saaneiden osuus
Persentiili vastausten määrän mukaan
Tuloshistoriasi
Et ole pelannut tätä visaa